000
00225nam a2200085 4500
001
1300963
005
20260420125133.0
245
_a
GENÇLER İÇİN PEYGAMBERİMİZİN (A.S.M.) HAYATI
_c
MEHMET DİKMEN
260
_b
NESİL YAYINEVİ
999
_c
1300963
_d
1300963